| 000 | 00887nam a2200229 i 4500 | ||
|---|---|---|---|
| 001 | 150044 | ||
| 003 | ES-MaACL | ||
| 005 | 20260202130245.0 | ||
| 007 | t| | ||
| 008 | 071026s1944 sp |||| | spa d | ||
| 100 | 1 |
_aValle-Inclán, Ramón del, _d1866-1936 _9112796 |
|
| 245 | 1 | 0 |
_aObras completas de Don Ramón de Valle-Inclán / _c[prólogo de Azorín y Jacinto Benavente]. |
| 260 |
_a[S.l.] : _bRua Nova, _c[1944] ( _eMadrid : _fTalls. Tipográficos de Rivadeneyra) |
||
| 300 |
_a2 v. ; _c20 cm. |
||
| 530 | _aDisponible en formato digital. | ||
| 700 | 0 |
_aAzorín, _d1873-1967 _924326 |
|
| 700 | 1 |
_aBenavente, Jacinto, _d1866-1954 _927443 |
|
| 852 |
_aES-MaACL _jR-2324-25 _cDEPO1 _dOlim:F-16327-28 _x |
||
| 856 | 4 |
_uhttps://bvpb.mcu.es/es/consulta/registro.do?id=576795 _yBiblioteca Virtual del Patrimonio Bibliográfico |
|
| 942 | _2udc | ||
| 999 |
_c150044 _d150044 |
||